| 000 | 00710nam a22002417a 4500 | ||
|---|---|---|---|
| 003 | OSt | ||
| 005 | 20220107122859.0 | ||
| 008 | 201021b xxu||||| |||| 00| 0 eng d | ||
| 020 | _a9781484251768 | ||
| 040 | _cIIITMK | ||
| 082 | _a006.31 ALL/B | ||
| 100 |
_aAlla, Sridhar _918321 |
||
| 245 |
_aBeginning anomaly detection using python based deep learning: _bWith Keras and pytorch |
||
| 260 |
_aNew York, _bApress, _c2019. |
||
| 300 | _axvi, 416p. | ||
| 650 |
_aCOMPUTER SCIENCE _918322 |
||
| 650 |
_aBOLTZMANN MACHINE _918323 |
||
| 650 |
_aPROGRAMMING LANGUAGE _918324 |
||
| 650 |
_aMACHINE LEARNING _918325 |
||
| 650 |
_aAUTOENCODERS _918326 |
||
| 700 |
_aAdari, Suman Kalyan _918327 |
||
| 942 |
_2ddc _cBK |
||
| 999 |
_c6801 _d6801 |
||